00723 a2200205 450000500170000000800410001702000180005804000500007604100080012610000200013424500780015426000390023230000320027149000310030350400410033465000340037565000380040965000510044770000190049820151001121350.0151001t2011 ck a fr|||| 000 0 spa d a9789589937051 aCO-BoUCMbspacSandra PalaciodSandra Palacio0 aspa aEscobar, Amparo aPensar el lenguaje, pensar el aprendizajecAmparo Escobar y Amparo Duarte c2011bKimpresaBogotá (Colombia) a78 páginasbilustraciones aExperiencias pedagógicas aIncluye referencias bibliográficas 7aEducación zCali (Colombia) 7aInvestigación zCali (Colombia) 7aAprendizaje xInvestigaciónzCali (Colombia) aDuatre, Amparo